000
00328 a2200157 4500
001
190619
020
_a
978-85-260-1883-9
040
_c
Magnum
100
_a
Bandeira, Manuel
240
1
0
_a
Para querer bem
_l
por
245
1
0
_a
Para querer bem
300
_a
117
362
0
_a
2013
697
_a
LITERATURA GERAL
942
_c
BK
999
_c
190619
_d
190619